Guess the '80s College Radio Hit with No Clues #1 - Statistics

General Stats
  • This quiz has been taken 55 times
  • The average score is 80 of 199
Answer Stats
Lyrics % Correct
I
96%
you
83%
the
78%
to
76%
do
74%
it
70%
and
67%
me
67%
for
63%
in
61%
my
61%
don't
57%
your
57%
can
54%
no
50%
so
50%
that
48%
on
46%
if
43%
would
41%
I'm
39%
but
37%
say
37%
all
35%
cry
33%
it's
33%
with
33%
know
30%
up
30%
boys
28%
just
28%
at
26%
get
26%
have
26%
this
26%
too
26%
try
26%
by
24%
'cause
24%
now
24%
about
22%
mind
22%
nothing
22%
down
20%
eyes
20%
thought
20%
laugh
17%
tears
17%
time
17%
break
15%
change
15%
gone
15%
there's
15%
you've
15%
been
13%
hiding
13%
sorry
13%
stay
13%
use
13%
anything
11%
away
11%
cover
11%
keep
11%
late
11%
lies
11%
said
11%
side
11%
tell
11%
laughing
9%
loved
9%
most
9%
much
9%
tried
9%
back
7%
plead
7%
beg
4%
far
4%
forgiveness
4%
granted
4%
limits
4%
misjudged
4%
more
4%
pushed
4%
took
4%
unkind
4%
already
2%
feet
2%
needed
2%
No matching quizzes found
Score Distribution
Percent of People with Each Score
Percentile by Number Answered
Your Score History
You have not taken this quiz